| 000 | 00532nmm a2200169Ia 4500 | ||
|---|---|---|---|
| 008 | 251105s9999||||xx |||||||||||||||||und|| | ||
| 020 | _a978-84-89624-82-5 | ||
| 041 | _aspa | ||
| 100 | _aCalle, Ramiro | ||
| 245 | 0 |
_aLa ciencia del amor : _b El mejor tratado para escépticos y románticos |
|
| 264 |
_a[Madrid, España] : _bKailas Editorial, _c2011 |
||
| 300 | _a236 páginas | ||
| 490 | _aNo ficción | ||
| 650 | _aSelf-help and personal development | ||
| 856 | _uhttps://public.digitaliapublishing.com/a/99548 | ||
| 942 | _cCF | ||
| 999 |
_c87083 _d87083 |
||